|
|
|
|
| LEADER |
00000cam a2200000 a 4500 |
| 001 |
vtls008323519 |
| 003 |
SK-MaSNL |
| 005 |
20260331205158.0 |
| 008 |
250414s1961 xo bo g 000 0 slo |
| 015 |
|
|
|a SNBA1961/09-01716
|
| 035 |
|
|
|a SK01SNK19610015736
|
| 035 |
|
|
|a urn:nbn:sk:snk-am3ikgz
|
| 035 |
|
|
|a D594FAA9-868D-4CDE-933B-53A916E78ED2
|
| 035 |
|
|
|a urn:nbn:sk:snk-am00en7e
|
| 035 |
|
|
|a SKM000018199
|
| 040 |
|
|
|a SNK
|b slo
|c SNK
|e AACR2
|
| 041 |
0 |
|
|a slo
|
| 043 |
|
|
|a e-xo---
|
| 044 |
|
|
|a xo
|c SK
|
| 080 |
|
|
|a 551.332.56
|2 2001
|
| 080 |
|
|
|a 908(437.6)
|2 2001
|
| 080 |
|
|
|a (084.12)
|2 2001
|
| 100 |
1 |
|
|a Brchel, Luboš,
|d 1920-1981
|4 pht
|9 241475
|
| 245 |
1 |
0 |
|a Tatranské plesá
|c fotografie Luboš Brchel ; text Radek Roubal ; ilustrácie Dušan Kuzma
|
| 250 |
|
|
|a 1. vyd.
|
| 260 |
|
|
|a Bratislava
|b Šport
|c 1961
|
| 300 |
|
|
|a [120] s.
|b fotogr., ilustr., mp.
|c 24 cm
|
| 366 |
|
|
|e 15000 výtl.
|
| 650 |
0 |
7 |
|a horské plesá
|2 SNKPH
|9 171908
|
| 651 |
|
7 |
|a Vysoké Tatry (Poľsko a Slovensko : pohorie)
|2 SNKPHgeo
|9 67729
|
| 655 |
|
7 |
|a fotografické publikácie
|2 SNKPH
|9 70483
|
| 700 |
1 |
|
|a Roubal, Radek,
|d 1920-1989
|4 aui
|9 94550
|
| 700 |
1 |
|
|a Kuzma, Dušan,
|d 1927-2008
|4 ill
|9 118757
|
| 852 |
|
|
|a Slovenská národná knižnica
|
| 954 |
|
|
|a obrazové publikácie zamerané na výtv. umenie a fotografiu pôvodné (slovenské)
|2 lita
|
| 958 |
|
|
|a EUIPO
|
| 958 |
|
|
|a TL
|
| 958 |
|
|
|a RK
|
| 958 |
|
|
|a OND
|
| 999 |
|
|
|c 1164568
|d 1166498
|
| 952 |
|
|
|a SNK
|b SNK
|y PREZ
|7 0
|p 17A0847252
|o snkSC 15635
|i snkKSP 4707/61
|0 0
|1 0
|4 0
|d 2020-04-20
|f 1
|l 0
|r 2025-07-18 00:00:00
|w 2026-02-24
|
| 952 |
|
|
|t P60, <04>, [BOOK], {604}
|a SNK
|b SNK
|y VYP
|7 0
|p 17A0124074
|o snkSC 15635 D1
|0 0
|1 0
|4 0
|d 1998-02-25
|l 0
|r 2005-01-02 00:00:00
|w 2026-02-24
|